LEADER 02009nam a2200313 a 4500 001 000000168604 003 CaOOAMICUS 005 20180710155954.0 008 180710s1995 it a 000 u ita r 032 $aLibriCat 040 $aPul$bita 111 2 $aSeminario Fondazione Cini Isola di San Giorgio $d(26-28 febbraio 1993 :$cVenezia).$0(OLS)http://pul/name/108628 245 10$aArmonia o disordine per la cultura in Europa? : $bl'impatto del Mercato Unico e del Trattato di Maastricht : atti del seminario : Venezia, 26-28 febbraio 1993, Fondazione Cini, Isola di San Giorgio / $corganizzato da Fondazione Cini, CIRCLE, ISPE, Associ. 246 01$aHarmony or confusion for culture in Europe? : $bthe impact of the single market and of the Maastricht Treaty. 260 $a[Roma] :$bPresidenza del Consiglio dei Ministri, Dipartimento per l'Informazione e l'Editoria,$c©1995. 300 $a298 p. : $bill. ; $c24 cm. 490 1 $aQuaderni di Vita italiana 500 $aTesto anche in inglese. 700 1 $aBodo, Carla.$0(OLS)http://pul/name/108627 700 1 $aFisher, Rod.$0(OLS)http://pul/name/108626 710 2 $aFondazione "Giorgio Cini".$0(OLS)http://pul/name/51410 830 0$aQuaderni di Vita italiana.$0(OLS)http://pul/title/193258 850 $aPUL 852 $aPUL$W1$xDP1 Fondo Dalla Palma$y117$m3 B 39$j25557$qFondi$B196527$CPULBib$Z2$F196527 $HDal2686 $81 941 1 $a1 996 $6245$aArmonia o disordine per la cultura in Europa? : $bl'impatto del Mercato Unico e del Trattato di Maastricht : atti del seminario : Venezia, 26-28 febbraio 1993, Fondazione Cini, Isola di San Giorgio / $9(OLS)http://pul/title/209029 996 $6246$aHarmony or confusion for culture in Europe? : $bthe impact of the single market and of the Maastricht Treaty.$9(OLS)http://pul/title/209030 996 $6260$a[Roma] :$bPresidenza del Consiglio dei Ministri, Dipartimento per l'Informazione e l'Editoria$9(OLS)http://pul/publisher/51369 LEADER 01322nam a2200313 u 4500 001 000000042145 003 CaOOAMICUS 005 20070226114307.0 008 990223s1975 it u000 u ita u 035 $a10815027 040 $aPUL(R)$bita 245 03$aLa nuova frontiera della teologia in America Latina /$ca cura di Rosino Gibellini ; Gustavo Gutiérrez [et al.]. 260 $aBrescia :$bQueriniana,$c1975. 300 $a451 p. ;$c20 cm 490 1 $aGiornale di teologia ;$v91 504 $aBibliografia p. 441. 650 4$aTeologia della liberazione.$0(OLS)http://pul/subject/2678 700 1 $aGutiérrez, Gustavo.$0(OLS)http://pul/name/26447 700 1 $aGibellini, Rosino,$d1926-$0(OLS)http://pul/name/11017 830 0$aGiornale di teologia ;$v91.$0(OLS)http://pul/title/9027 850 $aPUL 852 $aPUL$W1$xSL Religione 3$y85$m200 GDT 1.91$j57021$nBK-PRI$b $qDDC 21$B57021$CPULBib$Z2$F57021 $82 852 $aPUL$W1$xDP1 Fondo Bordoni$y120$m3 F 37.91$j173467$qFondi$B175758$CPULBib$Z2$F175758 $HBor211 $81 941 1 $a9 941 1 $a1 961 $aINV: 42303 983 0$aGdT. 996 $6245$aLa nuova frontiera della teologia in America Latina$9(OLS)http://pul/title/56849 996 $6260$aBrescia :$bQueriniana$9(OLS)http://pul/publisher/47906